Al and machine learning (Record no. 520128)

000 -LEADER
fixed length control field 01094nam a22001457a 4500
008 - FIXED-LENGTH DATA ELEMENTS--GENERAL INFORMATION
fixed length control field 220702b ||||| |||| 00| 0 eng d
100 ## - MAIN ENTRY--PERSONAL NAME
Personal name Sengupta, Hindol and Tyagi, Bhavya
245 ## - TITLE STATEMENT
Title Al and machine learning
260 ## - PUBLICATION, DISTRIBUTION, ETC. (IMPRINT)
Place of publication, distribution, etc Yojana
300 ## - PHYSICAL DESCRIPTION
Extent 66(6), Jun, 2022: p.23-25
520 ## - SUMMARY, ETC.
Summary, etc Industry 4.0 is set to usher on era of technologies that will completely alter the way in which we interact with the world around us. Artificial intelligence/machine learning, IoT, 5G. Augmented reality, big data, nanotechnology, robotics and 3D printing are transforming the operational, functional, and strategic landscape across various industries. In India, both private and public enterprises and the central and state government are investing in multiple al use cases from manufacturing to services. Most venture capital funding in India is now going to al projects in banking financial services, and insurance sector (BES), e-commerce healthcare, electronics and renewable energy startups. – Reproduced

773 ## - HOST ITEM ENTRY
Main entry heading Yojana
906 ## - LOCAL DATA ELEMENT F, LDF (RLIN)
Subject DIP ARTIFICIAL INTELLIGENCE
942 ## - ADDED ENTRY ELEMENTS (KOHA)
Item type Articles
Holdings
Withdrawn status Lost status Source of classification or shelving scheme Damaged status Not for loan Permanent location Current location Date acquired Serial Enumeration / chronology Barcode Date last seen Koha item type
          Indian Institute of Public Administration Indian Institute of Public Administration 2022-07-02 66(6), Jun, 2022: p.23-25 AR126792 2022-07-02 Articles

Powered by Koha